| 000 | 00899nam a2200217 i 4500 | ||
|---|---|---|---|
| 001 | 110419 | ||
| 003 | ES-MaACL | ||
| 005 | 20230906185041.0 | ||
| 007 | t| | ||
| 008 | 061121m19791982sp r ||||1| spa d | ||
| 245 | 0 | 0 |
_aOdontología práctica / _cdirigida por David Haunfelder, Lorenz Hupfauf, Werner Ketterl.; dirección de la versión española Juan Pedro Moreno González. |
| 260 |
_aMadrid ; : _bAlhambra ;, _c1979-82. |
||
| 300 |
_a3 v. : _bil. ; _c26 cm. |
||
| 500 | _aPrimer, cuarto y sexto suplemento. | ||
| 505 | 8 | _aContiene: Tomo I Odontología restauradora y parondontal Tomo II Patología médico-quirúrgica bucofacial Tomo III Prótesis odontológica Tomo IV Ortodoncia. Radiología | |
| 650 | 0 | 4 |
_aOdontología. _915690 |
| 700 | 1 |
_aHaunfelder, David. _962091 |
|
| 700 | 1 |
_aHupfauf, Lorenz. _964755 |
|
| 700 | 1 |
_aKetterl, Werner. _967965 |
|
| 852 |
_aES-MaACL _jP-1495 _bR.98840 |
||
| 999 |
_c110419 _d110419 |
||